000 00884cab a2200277 4500
001 ABS46193
008 090401t1992 xxu||||| |||| 00| 0 eng d
035 _a(Sirsi) u57117
041 _aeng
100 _aPoller, A.
245 2 _aA first for Wales
260 _c1992
350 _a0
490 _aChartered Quantity Surveyor
_v14(8) April 1992, 9-12(4)
520 _aAn account by the project director and one of the cost control team of the Garden Festival Wales about the organisation of the design, the cost control and the construction contracts.
650 _aBOVIS CONSTRUCTION
650 _aCONSTRUCTION MANAGEMENT
_96230
650 _aCOST CONTROL
650 _aEBBW VALE
650 _aGARDEN FESTIVALS
650 _aMANAGEMENT-PROJECT MANAGEMENT
650 _aWALES
690 _aBUILDING AND CONSTRUCTION-PROJECTS
942 _n0
948 _c04/03/1997
999 _c34809
_d34809